Joan Maragall / Maurici Serrahima ; pròleg de Jaume Lorés
Publicado:
Barcelona :
Edicions 62, Caixa de Catalunya; amb la col·laboració de la Fundació Pere Vergés ,
1990
Descripción Física:
126 p. : il. ; 21 cm
Colección:
Col·lecció Pere Vergés de biografies ; 4
MARC
| LEADER | 00000nam a2200000Ia 4500 | ||
|---|---|---|---|
| 001 | 12477 | ||
| 008 | 160829s1990 xx 000 0 cat d | ||
| 080 | |a L-1-312 | ||
| 100 | |a Serrahima, Maurici |9 35653 |e autor | ||
| 245 | |a Joan Maragall / Maurici Serrahima ; pròleg de Jaume Lorés | ||
| 260 | |a Barcelona : |b Edicions 62, Caixa de Catalunya; amb la col·laboració de la Fundació Pere Vergés, |c 1990 | ||
| 300 | |a 126 p. : |b il. ; |c 21 cm | ||
| 490 | |a Col·lecció Pere Vergés de biografies ; 4 | ||
| 600 | 0 | |a Maragall, Joan, |d 1860-1911 |9 25778 | |
| 650 | 0 | |a Escriptors catalans |9 55907 |v Biografia | |
| 650 | 0 | |a Poetes catalans |9 55908 |v Biografia | |
| 700 | 1 | |a Lorés, Jaume |e autor del pròleg |9 35655 | |
| 700 | |a Fundació Pere Vergés |9 21045 | ||
| 710 | 2 | |a Caixa de Catalunya |9 53090 | |
| 901 | |a Arxiu | ||
| 942 | |n 1 |2 udc |c ARXIU | ||
| 952 | |0 0 |1 0 |4 0 |6 L1312 |7 1 |9 47016 |a Arxiu |b Arxiu |d 2016-12-01 |l 0 |o L-1-312 |p 12477 |r 2016-12-01 00:00:00 |w 2016-12-01 |y ARXIU | ||
| 999 | |c 50809 |d 50809 | ||